000 00791nam a22002657a 4500
001 BR8702358
003 BR-BrBNA
005 20230928092454.0
007 ta
008 230509b bl.||||| |||| 00| 0 por d
040 _aBR-BrBNA
_bpor
_cBiblioteca Nacional de Agricultura
041 _a(Por)
072 _aM12
_b8110
_b/G514
090 _ 8110 BR8702358
100 1 _aLargura, J.
110 1 _aAssociacao de Credito e Assistencia Pesqueira de Santa Catarina, Florianopolis (Brasil)
_9414
245 1 _aCultivo de carpas [Brasil]
260 3 _aFlorianopolis, SC (Brasil):
_c1985.
300 _a59 p.
500 _a(*) Documento disponível no(a) CEAGRI, Florianopolis, SC (Brazil)
650 _aCARPA
650 _aCRIACAO
909 _a202309
_bLucia
_c55
_dLucia Elande
942 _cBK
999 _c39274
_d39274